000 00710nam a2200181Ia 4500
008 151202s9999||||xx |||||||||||||| ||und||
082 _bPNVM-69791
100 _aसंपा-नूलकर व.कृ.
245 _aसार्थ श्री ज्ञानेश्वरी.
260 _b"डी.एस्.कुलकर्णी फौंडेशन,पुणे."
260 _c69791
300 _a1009
600 _aसंपा-नूलकर व.कृ.
630 _aसार्थ श्री ज्ञानेश्वरी.
700 _aसंपा-नूलकर व.कृ.
730 _aसार्थ श्री ज्ञानेश्वरी.
942 _cBOOK
999 _c1336301
_d1336298